000 00398nam a22001457a 4500
005 20180209115443.0
008 180209b xxu||||| |||| 00| 0 eng d
040 _cPK-LaUMT
082 _aPKAC 297.74
_bMIR-M
100 _aMir Muhammad Hussain
245 _aMazameen e Quran/
_cMir Muhammad Hussain
260 _aلاہور:
_bاسلامک پبلیکیشزن
_c1983
300 _a768
942 _cBK
999 _c102938
_d102938